书目信息 |
| 题名: |
中国新文学图志
|
|
| 作者: | 杨义主笔 ;中井政喜 , 张中良合 著 | |
| 分册: | 上 | |
| 出版信息: | 北京 人民文学出版社 1996.08 |
|
| 页数: | 320页 | |
| 开本: | 20cm | |
| 丛书名: | ||
| 单 册: | ||
| 中图分类: | I209.5 | |
| 科图分类: | ||
| 主题词: | 文学史--中国--半封建半殖民地社会 , 文学思想史--中国--半殖民地半封建社会 | |
| 电子资源: | ||
| ISBN: | 7-02-002283-9 | |
| 000 | 00700nam0 2200229 45 | |
| 001 | 0207020809 | |
| 005 | 20050401113353.6 | |
| 010 | @a7-02-002283-9@dCNY52.00 | |
| 100 | @a20020702d1996 km y0chiy0120 ea | |
| 101 | 0 | @achi |
| 105 | @aa z 000yy | |
| 200 | 1 | @a中国新文学图志@AZhong Guo Xin Wen Xue Tu Zhi@h上@f杨义主笔@FYang Yi Zhu Bi@g中井政喜,张中良合著 |
| 210 | @a北京@c人民文学出版社@d1996.08 | |
| 215 | @a320页@c插图@d20cm | |
| 606 | 0 | @a文学史@y中国@z半封建半殖民地社会 |
| 606 | 0 | @a文学思想史@y中国@z半殖民地半封建社会 |
| 690 | @aI209.5@v4 | |
| 701 | 0 | @a杨义主笔 |
| 702 | 0 | @a中井政喜@4著 |
| 702 | 0 | @a张中良合@4著 |
| 801 | @aCN@bTSTC@c20020702 | |
| 905 | @dI209.5@e124:1@b283804@f1 | |
| 中国新文学图志.上/杨义主笔/中井政喜,张中良合著.-北京:人民文学出版社,1996.08 |
| 320页:插图;20cm |
| ISBN 7-02-002283-9:CNY52.00 |
| ● |
| 相关链接 |
|
|
|
|
正题名:中国新文学图志
索取号:I209.5/124:1
 
预约/预借
| 序号 | 登录号 | 条形码 | 馆藏地/架位号 | 状态 | 备注 |
| 1 | 0283802 | 002838022 | 第二借阅区/ [索取号:I209.5/124:1] | 在馆 | |
| 2 | 0283803 | 002838031 | 第二借阅区/ [索取号:I209.5/124:1] | 在馆 | |
| 3 | 0283804 | 002838040 | 第二借阅区/ [索取号:I209.5/124:1] | 在馆 | |
| 4 | 0283805 | 002838059 | 第二借阅区/ [索取号:I209.5/124:1] | 在馆 | |
| 5 | 0283806 | 002838068 | 第二借阅区/ [索取号:I209.5/124:1] | 在馆 | |
| 6 | 0283807 | 002838077 | 第二借阅区/ [索取号:I209.5/124:1] | 在馆 | |
| 7 | 0283808 | 002838086 | 第二借阅区/ [索取号:I209.5/124:1] | 在馆 | |
| 8 | 0283809 | 002838095 | 第二借阅区/ [索取号:I209.5/124:1] | 在馆 | |
| 9 | 0283810 | 002838102 | 第二借阅区/ [索取号:I209.5/124:1] | 在馆 | |
| 10 | 0283811 | 002838111 | 第一样本阅览室/ [索取号:I209.5/124:1] | 在馆 | |
| 11 | 0313367 | 203133670 | 第二借阅区/ [索取号:I209.5/124:1] | 在馆 | |
| 12 | 0313368 | 203133689 | 第二借阅区/ [索取号:I209.5/124:1] | 在馆 | |
| 13 | 0313369 | 203133698 | 第二借阅区/ [索取号:I209.5/124:1] | 在馆 | |
| 14 | 0313370 | 203133705 | 第二借阅区/ [索取号:I209.5/124:1] | 在馆 | |
| 15 | 0313371 | 203133714 | 第二借阅区/ [索取号:I209.5/124:1] | 在馆 |